March of a foot soldier / (Record no. 147045)

MARC details
000 -LEADER
fixed length control field 00541nam a22001817a 4500
005 - DATE AND TIME OF LATEST TRANSACTION
control field 20171031144804.0
010 ## - LCCN (DPL NO)
LC control number ENG-121132
020 ## - INTERNATIONAL STANDARD BOOK NUMBER
Terms of availability 500.00
International Standard Book Number 9789351047933
035 ## - SYSTEM CONTROL NUMBER
System control number EN-104664
037 ## - SOURCE OF ACQUISITION
Source of stock number/acquisition DBAD/PUB
082 ## - DEWEY DECIMAL CLASSIFICATION NUMBER
Classification number 355.0092
245 ## - TITLE STATEMENT
Title March of a foot soldier /
Statement of responsibility, etc edited by M Sameer
260 ## - PUBLICATION, DISTRIBUTION, ETC. (IMPRINT)
Place of publication, distribution, etc Bangalore
Name of publisher, distributor, etc Lt Col DK Havanoor (Retd)
Date of publication, distribution, etc 2013
270 ## - ADDRESS
Address C-12/71,BDA MIG Flats, Domlur 2nd Stage
City Bangalore
Postal code 560071
300 ## - PHYSICAL DESCRIPTION
Extent 175p.
Dimensions 22cm(pbk)
700 ## - ADDED ENTRY--PERSONAL NAME
Personal name M Sameer
942 ## - ADDED ENTRY ELEMENTS (KOHA)
Source of classification or shelving scheme Dewey Decimal Classification
Item type English Books
Classification part 355.0092
Call number suffix MAR

No items available.


© Delhi Public Library
Hit Counter
free hit counter